[Event "CAN-ch"]
[Site "Toronto CAN"]
[Date "2023.04.11"]
[Round "9.22"]
[White "Joseph Benher, Savio"]
[Black "Oancea, Nicolae"]
[Result "0-1"]
[WhiteElo "2120"]
[BlackElo "1991"]
[PlyCount "64"]
[EventDate "2023.04.06"]
[EventType "swiss"]
[EventRounds "9"]
[EventCountry "CAN"]

1. e4 c5 2. Nf3 d6 3. d4 cxd4 4. Nxd4 Nf6 5. Nc3 a6 6. Be3 e6 7. g4 e5 8. Nf5
g6 9. Nh6 Bxh6 10. Bxh6 Nxg4 11. Qd2 Nxh6 12. Qxh6 Be6 13. O-O-O Nc6 14. Qg7
Qg5+ 15. Kb1 Ke7 16. h4 Qf4 17. Ne2 Qf3 18. Rg1 Qh5 19. Rc1 Rag8 20. Ng3 Qxh4
21. Rh1 Qxh1 22. Qxg8 Rxg8 23. Nxh1 d5 24. Ng3 dxe4 25. Nxe4 f5 26. Ng5 Rg7 27.
Bg2 Kf6 28. Nf3 Rd7 29. Re1 e4 30. Ng1 Rd2 31. Ne2 Nd4 32. Ng3 Nf3 0-1

[Event "CAN-ch Seniors 50+"]
[Site "Etobicoke CAN"]
[Date "2023.08.04"]
[Round "1.8"]
[White "Ochkoos, Jura"]
[Black "Nazareno, Merlin"]
[Result "1-0"]
[WhiteElo "2316"]
[BlackElo "2051"]
[PlyCount "93"]
[EventDate "2023.08.04"]
[EventType "swiss"]
[EventRounds "7"]
[EventCountry "CAN"]

1. e4 Nc6 2. Nf3 f5 3. exf5 d5 4. Bb5 Bxf5 5. Nd4 Bd7 6. Bxc6 bxc6 7. O-O g6 8.
Re1 Bg7 9. Nb3 Nh6 10. d4 Nf7 11. Bf4 O-O 12. N1d2 g5 13. Bg3 Nh6 14. c3 Bg4
15. f3 Bf5 16. Nc5 Rf6 17. Qe2 Bf8 18. Be5 Rg6 19. g4 Bc8 20. b4 Nf7 21. Bg3 a5
22. a3 Nd6 23. a4 Nb7 24. Ndb3 Nxc5 25. Nxc5 e6 26. Be5 Bd6 27. Qf2 Qf8 28. Qg3
Rh6 29. Ra2 Rg6 30. h3 Rh6 31. Kg2 Rg6 32. Re3 Rh6 33. Qe1 Qe7 34. Qg3 Rg6 35.
Rf2 axb4 36. cxb4 Bxc5 37. dxc5 Rxa4 38. Bc3 e5 39. Rxe5 Re6 40. Rfe2 Rxe5 41.
Rxe5 Ra2+ 42. Kg1 Qd8 43. Qe1 Bd7 44. Re7 d4 45. Bxd4 Kf8 46. Rxh7 Be6 47. Qe5
1-0

[Event "CAN-ch Seniors 50+"]
[Site "Etobicoke CAN"]
[Date "2023.08.04"]
[Round "1.9"]
[White "Chernik, Dmitry"]
[Black "Barron, Michael"]
[Result "1/2-1/2"]
[WhiteElo "2011"]
[BlackElo "2276"]
[PlyCount "118"]
[EventDate "2023.08.04"]
[EventType "swiss"]
[EventRounds "7"]
[EventCountry "CAN"]

1. e4 e5 2. Nf3 Nc6 3. Bb5 a6 4. Ba4 Nf6 5. O-O Be7 6. Re1 b5 7. Bb3 O-O 8. c3
d6 9. h3 Na5 10. Bc2 c5 11. d4 Qc7 12. Nbd2 Bd7 13. d5 g6 14. Nf1 Nh5 15. Bh6
Rfb8 16. b3 c4 17. b4 Nb7 18. Qd2 a5 19. a3 f6 20. Ng3 Ng7 21. Nh2 Nd8 22. f4
Nf7 23. Bxg7 Kxg7 24. f5 Qa7+ 25. Kh1 axb4 26. cxb4 Bd8 27. Rf1 g5 28. Nh5+ Kf8
29. Ng4 Bb6 30. Nhxf6 Bd8 31. Nxd7+ Qxd7 32. f6 h6 33. Qd1 Qa7 34. Qe2 Bb6 35.
a4 Bd4 36. Ra2 bxa4 37. Rxa4 Qc7 38. Qf3 Qd7 39. Nxh6 Nxh6 40. Qh5 Qh7 41. Qxg5
Nf7 42. Qg4 Qh6 43. Qe6 Qd2 44. Bd1 Qd3 45. Re1 Qg3 46. Rf1 Qg6 47. Rxa8 Rxa8
48. Ba4 Kg8 49. Be8 Ra2 50. Bxf7+ Qxf7 51. Qg4+ Kf8 52. Qc8+ Qe8 53. Qg4 Ra7
54. Qh4 Qg6 55. Qh8+ Qg8 56. Qh6+ Kf7 57. Kh2 Ra2 58. Qh5+ Kf8 59. Qh6+ Kf7
1/2-1/2

[Event "CAN-ch Seniors 50+"]
[Site "Etobicoke CAN"]
[Date "2023.08.04"]
[Round "1.10"]
[White "Findlay, Ian"]
[Black "Bordas, Gyula"]
[Result "1-0"]
[WhiteElo "2257"]
[BlackElo "1954"]
[PlyCount "38"]
[EventDate "2023.08.04"]
[EventType "swiss"]
[EventRounds "7"]
[EventCountry "CAN"]

1. e4 Nc6 2. Nf3 e5 3. Bb5 a6 4. Bxc6 dxc6 5. O-O Qd6 6. Na3 f6 7. Nc4 Qe6 8.
Qe2 g5 9. c3 Bd7 10. d4 g4 11. Nh4 O-O-O 12. f4 exf4 13. Bxf4 Ne7 14. b3 Rg8
15. Bg3 Re8 16. Qf2 Ng6 17. d5 Qxe4 18. Qa7 Bc5+ 19. Qxc5 b6 1-0

[Event "CAN-ch Seniors 50+"]
[Site "Etobicoke CAN"]
[Date "2023.08.04"]
[Round "1.12"]
[White "Filipovich, David"]
[Black "Supsup, Ferdinand"]
[Result "1-0"]
[WhiteElo "2139"]
[BlackElo "1681"]
[PlyCount "93"]
[EventDate "2023.08.04"]
[EventType "swiss"]
[EventRounds "7"]
[EventCountry "CAN"]

1. Nf3 e6 2. g3 f5 3. Bg2 Nf6 4. O-O d5 5. d4 Bd6 6. c4 c6 7. Bf4 Bxf4 8. gxf4
O-O 9. Nbd2 Nbd7 10. Qc2 Ne4 11. cxd5 exd5 12. e3 Rf6 13. b4 Rh6 14. a4 Ndf6
15. b5 Bd7 16. bxc6 bxc6 17. Ne5 Nxd2 18. Qxd2 Ne4 19. Bxe4 fxe4 20. f3 Bf5 21.
Rac1 Rc8 22. Rc5 exf3 23. Rxf3 Qb6 24. Rf1 Bg6 25. Rfc1 Be8 26. Rxd5 Qb3 27.
Rdc5 Qxa4 28. Ra5 Qb3 29. Rxa7 Rh3 30. Rxg7+ Kxg7 31. Qg2+ Kh8 32. Qxh3 Rc7 33.
Kh1 Rg7 34. Rg1 Qd5+ 35. Qf3 Bg6 36. Nxg6+ hxg6 37. Qxd5 cxd5 38. Rg5 Re7 39.
Re5 Rd7 40. Kg2 Kg7 41. Kf3 Kf6 42. h4 Rd8 43. h5 gxh5 44. Rxh5 Rd7 45. Re5 Rd8
46. Ke2 Rd7 47. Kd3 1-0

[Event "CAN-ch Seniors 50+"]
[Site "Etobicoke CAN"]
[Date "2023.08.05"]
[Round "2.7"]
[White "Plotkin, Victor"]
[Black "Filipovich, David"]
[Result "1/2-1/2"]
[WhiteElo "2351"]
[BlackElo "2139"]
[PlyCount "99"]
[EventDate "2023.08.04"]
[EventType "swiss"]
[EventRounds "7"]
[EventCountry "CAN"]

1. e4 c6 2. Nc3 d5 3. Nf3 Bg4 4. h3 Bxf3 5. Qxf3 e6 6. d3 g6 7. g3 Bg7 8. Bg2
Nd7 9. O-O Ngf6 10. Qe2 O-O 11. Bd2 dxe4 12. dxe4 e5 13. Rfd1 Qc7 14. Be3 Rfe8
15. Qc4 Nb6 16. Qb3 Rad8 17. Na4 Nfd7 18. Nxb6 axb6 19. c3 Bf8 20. Rd2 Nc5 21.
Qc2 Rxd2 22. Bxd2 Rd8 23. Be3 b5 24. Bf1 Qd7 25. Kg2 Qe6 26. Be2 Be7 27. a3 Qb3
28. Qxb3 Nxb3 29. Rd1 Rxd1 30. Bxd1 Nc5 31. Bc2 Kf8 32. f4 f6 33. Kf3 Bd6 34.
Ke2 Ke7 35. Kf3 Kf7 36. h4 Ke7 37. f5 gxf5 38. exf5 e4+ 39. Bxe4 Nxe4 40. Kxe4
Bxg3 41. h5 Be5 42. Kd3 Kd6 43. b3 Kd5 44. c4+ bxc4+ 45. bxc4+ Kd6 46. a4 c5
47. Bh6 Kc6 48. Ke4 Bd4 49. Bf4 Bc3 50. Bh6 1/2-1/2

[Event "CAN-ch Seniors 50+"]
[Site "Etobicoke CAN"]
[Date "2023.08.05"]
[Round "2.9"]
[White "Uyanik, Mehmet"]
[Black "Findlay, Ian"]
[Result "0-1"]
[WhiteElo "1142"]
[BlackElo "2257"]
[PlyCount "70"]
[EventDate "2023.08.04"]
[EventType "swiss"]
[EventRounds "7"]
[EventCountry "CAN"]

1. e4 c5 2. Nf3 d6 3. d4 cxd4 4. Nxd4 Nf6 5. Nc3 g6 6. Be3 Bg7 7. f3 Nc6 8. Qd2
O-O 9. O-O-O d5 10. Nxc6 bxc6 11. e5 Nd7 12. f4 Qa5 13. Kb1 Nb6 14. Qf2 Ba6 15.
Bc5 Bxf1 16. Rhxf1 Rfb8 17. Rd3 Nc4 18. Nd1 f6 19. Bxe7 fxe5 20. fxe5 Nxe5 21.
Ra3 Qc7 22. Qh4 Nc4 23. Rh3 h6 24. Rf6 Qxe7 25. Rxg6 Qxh4 26. Rxh4 Rf8 27. Rhg4
Rf7 28. Rg3 Re8 29. b3 Re1 30. Kc1 Nb2 31. Rxg7+ Rxg7 32. Rc3 Nxd1 33. Rxc6
Rxg2 34. Rxh6 Ne3+ 35. Kb2 Nxc2 0-1

[Event "CAN-ch Seniors 50+"]
[Site "Etobicoke CAN"]
[Date "2023.08.05"]
[Round "2.10"]
[White "Barron, Michael"]
[Black "Malakhovets, Sergey"]
[Result "1-0"]
[WhiteElo "2276"]
[BlackElo "2119"]
[PlyCount "113"]
[EventDate "2023.08.04"]
[EventType "swiss"]
[EventRounds "7"]
[EventCountry "CAN"]

1. e4 c6 2. d4 d5 3. e5 c5 4. dxc5 e6 5. Be3 Nd7 6. Nf3 Bxc5 7. Bxc5 Nxc5 8. c4
Ne7 9. Nc3 Qa5 10. a3 Ne4 11. b4 Nxc3 12. Qc2 Qc7 13. Qxc3 O-O 14. Rc1 b6 15.
Qe3 Nf5 16. Qf4 dxc4 17. Bxc4 Qe7 18. O-O Bb7 19. Bd3 Bxf3 20. Qxf3 Nh4 21. Qe4
Ng6 22. f4 Rac8 23. g3 Rxc1 24. Rxc1 Rd8 25. Bb5 a5 26. Rc6 Rd1+ 27. Kg2 axb4
28. Qxb4 Qb7 29. Kh3 h5 30. Qc3 h4 31. Rc8+ Kh7 32. Qc6 Qe7 33. Qf3 Rd8 34. Rc6
Qb7 35. Rc3 Qxf3 36. Rxf3 hxg3 37. hxg3 Ne7 38. Rc3 Nd5 39. Rc6 Ra8 40. a4 g6
41. Kg4 Kg7 42. Kf3 Kf8 43. Ke4 Rd8 44. Rd6 Rc8 45. Kd4 Rb8 46. Bc6 Ne7 47. Kc4
Nf5 48. Rd3 Ne7 49. Kb5 g5 50. Be4 gxf4 51. gxf4 Ke8 52. Rd6 Nc8 53. Bc6+ Ke7
54. Rd7+ Kf8 55. Rd8+ Kg7 56. Ka6 f6 57. Bb7 1-0

[Event "CAN-ch Seniors 50+"]
[Site "Etobicoke CAN"]
[Date "2023.08.05"]
[Round "2.11"]
[White "Haessel, Dale"]
[Black "Chernik, Dmitry"]
[Result "1-0"]
[WhiteElo "2203"]
[BlackElo "2011"]
[PlyCount "143"]
[EventDate "2023.08.04"]
[EventType "swiss"]
[EventRounds "7"]
[EventCountry "CAN"]

1. d4 Nf6 2. c4 g6 3. Nc3 d5 4. cxd5 Nxd5 5. e4 Nxc3 6. bxc3 c5 7. Qa4+ Bd7 8.
Qb3 cxd4 9. cxd4 Bg7 10. Be3 Bc6 11. Bc4 O-O 12. Nf3 Qa5+ 13. Bd2 Qa4 14. Qxa4
Bxa4 15. Ke2 Nc6 16. e5 Rfd8 17. Be3 Rac8 18. Rhc1 b5 19. Bb3 Bxb3 20. axb3 Rd7
21. Rc5 Rdc7 22. Rxb5 e6 23. Kd3 Bf8 24. Ke4 Nb4 25. Bd2 Nd5 26. Ne1 Bh6 27.
Kd3 Bxd2 28. Kxd2 Rd8 29. Rba5 Rb7 30. R1a3 Rdb8 31. Kc2 Nb4+ 32. Kb2 Rd7 33.
Rxa7 Rxd4 34. Ra8 Rxa8 35. Rxa8+ Kg7 36. Kc3 Re4 37. Nd3 Nxd3 38. Kxd3 Rxe5 39.
b4 Rd5+ 40. Kc3 Rd1 41. Ra2 Kf8 42. b5 Ke7 43. Ra7+ Kd6 44. Rxf7 Kc5 45. Rxh7
Kxb5 46. Rg7 Kc5 47. Rxg6 Kd5 48. Rg5+ Ke4 49. Rg4+ Kf5 50. Kc2 Rd7 51. Rg3 e5
52. Rd3 Rh7 53. h3 Rg7 54. g3 Rh7 55. h4 Kg4 56. Re3 Rf7 57. Re4+ Kf5 58. f3
Rd7 59. g4+ Kf6 60. Re3 Rd4 61. Re4 Rd8 62. Kc3 Rd1 63. f4 exf4 64. Rxf4+ Kg6
65. Rd4 Rh1 66. g5 Kh5 67. Kc4 Ra1 68. Kd5 Ra5+ 69. Ke6 Kg6 70. Rd6 Kg7 71. Rd5
Ra7 72. Rd7+ 1-0

[Event "CAN-ch Seniors 50+"]
[Site "Etobicoke CAN"]
[Date "2023.08.05"]
[Round "2.12"]
[White "Bordas, Gyula"]
[Black "Oancea, Nicolae"]
[Result "1-0"]
[WhiteElo "1954"]
[BlackElo "2100"]
[PlyCount "93"]
[EventDate "2023.08.04"]
[EventType "swiss"]
[EventRounds "7"]
[EventCountry "CAN"]

1. e4 c6 2. d4 d5 3. Nd2 dxe4 4. Nxe4 Bf5 5. Ng3 Bg6 6. h4 h6 7. Nf3 Nd7 8. h5
Bh7 9. Bd3 Bxd3 10. Qxd3 Ngf6 11. Bf4 Qa5+ 12. Bd2 Qc7 13. O-O-O e6 14. Kb1 Bd6
15. Ne4 Nxe4 16. Qxe4 Nf6 17. Qe2 O-O-O 18. c4 c5 19. Bc3 Qc6 20. Rh4 Bc7 21.
a3 Qa4 22. Ka2 Rd6 23. b3 Qa6 24. dxc5 Rxd1 25. Qxd1 Qc6 26. Qd4 Rd8 27. Qe3 a5
28. Bxf6 gxf6 29. Rd4 Rg8 30. g3 b6 31. cxb6 Bxb6 32. c5 Qxc5 33. Qe2 Kb8 34.
Rd2 Qxh5 35. Qa6 Qc5 36. Nd4 Qc7 37. Rc2 Qxc2+ 38. Nxc2 Bxf2 39. Qb5+ Ka8 40.
Qxa5+ Kb7 41. Nb4 Rxg3 42. Qb5+ Kc7 43. Qc6+ Kd8 44. Qd6+ Kc8 45. Qf8+ Kd7 46.
Qxf7+ Kd6 47. Qxf6 1-0

[Event "CAN-ch Seniors 50+"]
[Site "Etobicoke CAN"]
[Date "2023.08.05"]
[Round "2.13"]
[White "Nazareno, Merlin"]
[Black "Momic, Jovan"]
[Result "1-0"]
[WhiteElo "2051"]
[BlackElo "1684"]
[PlyCount "89"]
[EventDate "2023.08.04"]
[EventType "swiss"]
[EventRounds "7"]
[EventCountry "CAN"]

1. e4 d6 2. d4 Nf6 3. Nc3 c6 4. Bg5 Nbd7 5. f4 Qa5 6. Qd2 e5 7. Nf3 Be7 8. a3
O-O 9. Bc4 b5 10. b4 Qc7 11. Bd3 a6 12. Ne2 h6 13. Bh4 Re8 14. O-O exd4 15.
Nexd4 c5 16. Nf5 c4 17. Nxe7+ Rxe7 18. e5 dxe5 19. fxe5 cxd3 20. exf6 Qb6+ 21.
Kh1 Nxf6 22. cxd3 Bb7 23. Bf2 Qd6 24. Bc5 Qd7 25. Bxe7 Qxe7 26. Rae1 Qd6 27.
Ne5 Rd8 28. Qf4 Qd5 29. Re2 Qb3 30. h3 Bd5 31. Qc1 Be6 32. Qb2 Qd5 33. Re3 Nh7
34. Rg3 f6 35. Ng6 Qd6 36. Qf2 Rc8 37. Re1 Kf7 38. Qf4 Qd5 39. Qe4 Qd6 40. Nf4
Ng5 41. Qg6+ Kf8 42. Rxg5 Qxf4 43. Qxg7+ Ke8 44. Rxe6+ Kd8 45. Qe7# 1-0

[Event "CAN-ch Seniors 50+"]
[Site "Etobicoke CAN"]
[Date "2023.08.05"]
[Round "3.7"]
[White "Findlay, Ian"]
[Black "Plotkin, Victor"]
[Result "0-1"]
[WhiteElo "2257"]
[BlackElo "2351"]
[PlyCount "124"]
[EventDate "2023.08.04"]
[EventType "swiss"]
[EventRounds "7"]
[EventCountry "CAN"]

1. e4 e5 2. Nf3 Nf6 3. Nxe5 d6 4. Nf3 Nxe4 5. d4 d5 6. Bd3 Be7 7. O-O O-O 8.
Re1 Nf6 9. Nbd2 Nc6 10. c3 Re8 11. Nf1 h6 12. Bf4 Bf8 13. Ng3 Rxe1+ 14. Qxe1
Be6 15. Qd2 Bg4 16. Ne5 Nxe5 17. Bxe5 Be6 18. Qf4 Ne8 19. Re1 Qg5 20. h3 Qxf4
21. Bxf4 Nd6 22. Bc1 Bd7 23. Re5 c6 24. Kf1 b5 25. Re2 Rb8 26. Bf4 b4 27. c4
dxc4 28. Bxc4 Rd8 29. Bxd6 Bxd6 30. Ne4 Bf8 31. Rd2 Bf5 32. f3 Be7 33. Ke2 Kf8
34. g4 Bc8 35. d5 cxd5 36. Rxd5 Rxd5 37. Bxd5 f5 38. Nf2 Bf6 39. Nd3 a5 40. b3
Ke7 41. Ke3 Kd6 42. Bc4 fxg4 43. hxg4 Bg5+ 44. f4 Bd8 45. Ne5 Bf6 46. Nf7+ Kc5
47. g5 hxg5 48. fxg5 Bb2 49. Ke4 g6 50. Ne5 Bf5+ 51. Kf4 Bc1+ 52. Kf3 Bxg5 53.
Bf7 Bb1 54. Bxg6 Bxg6 55. Nxg6 Kd4 56. Kg4 Bd8 57. Kf5 Kc3 58. Ke4 Kb2 59. Kd3
Kxa2 60. Kc4 a4 61. Ne5 a3 62. Nc6 Be7 0-1

[Event "CAN-ch Seniors 50+"]
[Site "Etobicoke CAN"]
[Date "2023.08.05"]
[Round "3.8"]
[White "Ochkoos, Jura"]
[Black "Haessel, Dale"]
[Result "0-1"]
[WhiteElo "2316"]
[BlackElo "2203"]
[PlyCount "84"]
[EventDate "2023.08.04"]
[EventType "swiss"]
[EventRounds "7"]
[EventCountry "CAN"]

1. e4 e5 2. Nf3 Nc6 3. Bc4 Bc5 4. d3 Nf6 5. O-O d6 6. c3 O-O 7. a4 a5 8. h3 Be6
9. Nbd2 Ba7 10. Qb3 Qd7 11. Ng5 Bxc4 12. Nxc4 d5 13. Nd2 d4 14. Nc4 dxc3 15.
bxc3 Qxd3 16. Ba3 h6 17. Rad1 Nd4 18. Rxd3 Nxb3 19. Bxf8 Kxf8 20. Nf3 Nc5 21.
Rdd1 Nfxe4 22. Nfxe5 Nxc3 23. Ra1 N5xa4 24. Kh1 Bd4 25. Nf3 Bf6 26. Nce5 Rd8
27. Rfc1 b5 28. Nc6 Rd6 29. Nxa5 Ne2 30. Rcb1 Bxa1 31. Rxa1 c5 32. Re1 Re6 33.
Rd1 Nec3 34. Rd8+ Re8 35. Rd7 Ne4 36. Nc6 c4 37. Nfe5 c3 38. Rxf7+ Kg8 39. Ne7+
Rxe7 40. Rxe7 c2 41. Rc7 Nac3 42. Nd3 Nxf2+ 0-1

[Event "CAN-ch Seniors 50+"]
[Site "Etobicoke CAN"]
[Date "2023.08.05"]
[Round "3.9"]
[White "Filipovich, David"]
[Black "Barron, Michael"]
[Result "1-0"]
[WhiteElo "2139"]
[BlackElo "2276"]
[PlyCount "91"]
[EventDate "2023.08.04"]
[EventType "swiss"]
[EventRounds "7"]
[EventCountry "CAN"]

1. Nf3 f5 2. g3 Nf6 3. Bg2 d6 4. d4 g6 5. b3 Bg7 6. Bb2 O-O 7. O-O Ne4 8. c4 c5
9. Qc1 cxd4 10. Nxd4 Qb6 11. e3 Nc6 12. Rd1 Bd7 13. Nc3 Nxd4 14. exd4 Nxc3 15.
Bxc3 e6 16. c5 dxc5 17. dxc5 Qc7 18. Bxg7 Kxg7 19. Rd6 Rad8 20. Bxb7 Qxb7 21.
Qd2 Qf3 22. Rxd7+ Rxd7 23. Qxd7+ Rf7 24. Qxe6 Qc3 25. Rd1 Qxc5 26. Rd7 Rxd7 27.
Qxd7+ Kh6 28. Qd2+ Kg7 29. b4 Qc4 30. Qd7+ Kh6 31. Qd2+ Kg7 32. Qd7+ Kh6 33.
Qxa7 Qxb4 34. Qa8 g5 35. a4 f4 36. Kg2 g4 37. gxf4 Qxf4 38. a5 Kg5 39. a6 h5
40. Qg8+ Kh6 41. Qe6+ Kh7 42. Qd7+ Kg6 43. Qc6+ Kg5 44. a7 h4 45. a8=Q h3+ 46.
Kg1 1-0

[Event "CAN-ch Seniors 50+"]
[Site "Etobicoke CAN"]
[Date "2023.08.05"]
[Round "3.11"]
[White "Supsup, Ferdinand"]
[Black "Uyanik, Mehmet"]
[Result "1-0"]
[WhiteElo "1681"]
[BlackElo "1142"]
[PlyCount "105"]
[EventDate "2023.08.04"]
[EventType "swiss"]
[EventRounds "7"]
[EventCountry "CAN"]

1. d4 b6 2. Nf3 Bb7 3. Bf4 Nf6 4. Nc3 e6 5. e3 Bb4 6. Bd3 Nd5 7. O-O Bxc3 8.
bxc3 Nxc3 9. Qd2 Nd5 10. Be5 Nf6 11. c4 d6 12. Bf4 Nbd7 13. Rfe1 O-O 14. Rad1
Ne4 15. Qc2 Ndf6 16. Ng5 Nxg5 17. Bxg5 h6 18. Bh4 g5 19. Bg3 Nh5 20. e4 Nf4 21.
Bf1 Qf6 22. e5 Qg7 23. Qd2 Nh5 24. Qc3 d5 25. Re3 Nf4 26. c5 Ng6 27. c6 Bc8 28.
Rf3 a5 29. Rf6 Ba6 30. Qf3 Bxf1 31. Kxf1 Ne7 32. h4 g4 33. Qa3 Nf5 34. Bf4 Qh7
35. Qc1 Kg7 36. Bxh6+ Nxh6 37. Qg5+ Qg6 38. Rxg6+ fxg6 39. h5 Nf5 40. Qxg6+ Kh8
41. Rd3 Rae8 42. Qxg4 Rg8 43. Qh3 Rg5 44. g4 Nh6 45. Rg3 Rf8 46. Qh4 Rg7 47.
Ke2 Rf4 48. Qd8+ Kh7 49. g5 Re4+ 50. Kd3 Nf5 51. g6+ Rxg6 52. Rxg6 Ng7 53. Qe7
1-0

[Event "CAN-ch Seniors 50+"]
[Site "Etobicoke CAN"]
[Date "2023.08.05"]
[Round "3.12"]
[White "Malakhovets, Sergey"]
[Black "Bordas, Gyula"]
[Result "1-0"]
[WhiteElo "2119"]
[BlackElo "1954"]
[PlyCount "59"]
[EventDate "2023.08.04"]
[EventType "swiss"]
[EventRounds "7"]
[EventCountry "CAN"]

1. d4 e6 2. Bf4 c5 3. e3 Qb6 4. Nc3 cxd4 5. Qxd4 Qxd4 6. exd4 Bb4 7. Nge2 Nf6
8. a3 Be7 9. Nb5 Nd5 10. Bxb8 Rxb8 11. Nxa7 d6 12. Nxc8 Rxc8 13. c3 O-O 14. g3
Nb6 15. Rb1 e5 16. Bg2 Rc7 17. O-O f5 18. Rfd1 f4 19. dxe5 dxe5 20. gxf4 exf4
21. Nd4 Rf6 22. Re1 Kf7 23. Bh3 Rh6 24. Be6+ Kf8 25. Ba2 Ke8 26. Re4 g5 27.
Rbe1 Nc8 28. Nf5 Rg6 29. Be6 Na7 30. Nxe7 1-0

[Event "CAN-ch Seniors 50+"]
[Site "Etobicoke CAN"]
[Date "2023.08.05"]
[Round "3.13"]
[White "Chernik, Dmitry"]
[Black "Oancea, Nicolae"]
[Result "0-1"]
[WhiteElo "2011"]
[BlackElo "2100"]
[Annotator ",hugh_brodie@hotmail."]
[PlyCount "61"]
[EventDate "2023.08.04"]
[EventType "swiss"]
[EventRounds "7"]
[EventCountry "CAN"]

1. e4 c6 2. d4 d5 3. e5 c5 4. dxc5 Nc6 5. c3 Nxe5 6. Bf4 Nc6 7. Nf3 Bg4 8. Bd3
e5 9. Bg3 e4 10. Qe2 Qe7 11. Bd6 exd3 12. Bxe7 dxe2 13. Bxf8 Kxf8 14. Nd4 Nxd4
15. cxd4 Re8 16. Nc3 Nf6 17. f3 Bf5 18. Kf2 Bd3 19. Rhe1 g5 20. Nxe2 Rxe2+ 21.
Rxe2 Bxe2 22. Kxe2 Ke7 23. b4 Kd7 24. b5 g4 25. a4 gxf3+ 26. gxf3 Kc7 27. Kd2
Nh5 28. a5 Nf6 29. a6 b6 30. cxb6+ axb6 31. Ke3 {Black won in 74 moves.} 0-1

[Event "CAN-ch Seniors 50+"]
[Site "Etobicoke CAN"]
[Date "2023.08.06"]
[Round "4.7"]
[White "Plotkin, Victor"]
[Black "Haessel, Dale"]
[Result "1/2-1/2"]
[WhiteElo "2351"]
[BlackElo "2203"]
[PlyCount "86"]
[EventDate "2023.08.04"]
[EventType "swiss"]
[EventRounds "7"]
[EventCountry "CAN"]

1. e4 e5 2. Nf3 Nc6 3. Bc4 Bc5 4. Nc3 Nf6 5. d3 a6 6. Be3 Bxe3 7. fxe3 d6 8.
O-O O-O 9. Qe1 Na5 10. Bb3 Nxb3 11. axb3 c6 12. h3 Ne8 13. Qg3 f6 14. Rf2 Be6
15. Raf1 Rf7 16. Qh4 Nc7 17. g4 h6 18. Qg3 Qd7 19. Nh4 d5 20. Nf5 Bxf5 21. Rxf5
d4 22. exd4 Qxd4+ 23. Qf2 Ne6 24. Qxd4 Nxd4 25. R5f2 Rd8 26. Nd1 Ne6 27. Ne3
Nf4 28. Kh2 g6 29. Ng2 Nxg2 30. Kxg2 Kg7 31. Kg3 g5 32. h4 gxh4+ 33. Kxh4 Kg6
34. Rf5 Rd6 35. Kg3 c5 36. Kf3 a5 37. Ke3 Rfd7 38. Ra1 b6 39. Rf2 Rh7 40. Rh2
Ra7 41. Rah1 Rh7 42. Ra1 Ra7 43. Rah1 Rh7 1/2-1/2

[Event "CAN-ch Seniors 50+"]
[Site "Etobicoke CAN"]
[Date "2023.08.06"]
[Round "4.9"]
[White "Supsup, Ferdinand"]
[Black "Ochkoos, Jura"]
[Result "0-1"]
[WhiteElo "1681"]
[BlackElo "2316"]
[PlyCount "66"]
[EventDate "2023.08.04"]
[EventType "swiss"]
[EventRounds "7"]
[EventCountry "CAN"]

1. d4 d5 2. Nf3 e6 3. Bf4 c5 4. e3 Nc6 5. c3 Bd7 6. Nbd2 f5 7. Bd3 Nf6 8. h3
Be7 9. Ne5 O-O 10. g4 cxd4 11. exd4 Nxe5 12. Bxe5 Ne4 13. gxf5 exf5 14. Nf3 Be8
15. Qc2 Bh5 16. Be2 Rc8 17. Ng1 Bg6 18. Nf3 f4 19. Bd3 b5 20. a3 Rf7 21. Rh2 a5
22. Nd2 Nxd2 23. Qxd2 Qb6 24. Qc2 b4 25. Bxg6 hxg6 26. axb4 axb4 27. Qd2 bxc3
28. bxc3 Rxc3 29. Kf1 Qb3 30. Kg2 Bh4 31. Rf1 Rc2 32. Qe1 Rf5 33. Kg1 Rg5+ 0-1

[Event "CAN-ch Seniors 50+"]
[Site "Etobicoke CAN"]
[Date "2023.08.06"]
[Round "4.10"]
[White "Barron, Michael"]
[Black "Nazareno, Merlin"]
[Result "1-0"]
[WhiteElo "2276"]
[BlackElo "2051"]
[PlyCount "59"]
[EventDate "2023.08.04"]
[EventType "swiss"]
[EventRounds "7"]
[EventCountry "CAN"]

1. e4 d5 2. exd5 Nf6 3. Bb5+ Nbd7 4. c4 a6 5. Ba4 b5 6. cxb5 Nb6 7. bxa6+ Nxa4
8. Qxa4+ Bd7 9. Qc4 Qc8 10. Nc3 Rxa6 11. Nf3 e6 12. O-O Bd6 13. d4 O-O 14. dxe6
Bxe6 15. d5 Bd7 16. Bf4 Qb7 17. b3 Ra5 18. Rfd1 Bb4 19. Rac1 Rc5 20. Qd4 Ba3
21. Bg5 Qb6 22. Rc2 Re8 23. Be3 Qa5 24. Qd3 g6 25. Bxc5 Bf5 26. Ne4 Bxe4 27.
Qc3 Qa8 28. Qxf6 Bxc2 29. Bd4 Kf8 30. Ng5 1-0

[Event "CAN-ch Seniors 50+"]
[Site "Etobicoke CAN"]
[Date "2023.08.06"]
[Round "4.11"]
[White "Oancea, Nicolae"]
[Black "Malakhovets, Sergey"]
[Result "0-1"]
[WhiteElo "2100"]
[BlackElo "2119"]
[PlyCount "97"]
[EventDate "2023.08.04"]
[EventType "swiss"]
[EventRounds "7"]
[EventCountry "CAN"]

1. e4 c6 2. d4 d5 3. Nc3 dxe4 4. Nxe4 Nf6 5. Nxf6+ exf6 6. c3 Bd6 7. Bd3 O-O 8.
Ne2 Re8 9. Qc2 h5 10. h3 Nd7 11. g4 h4 12. Be3 Nf8 13. O-O-O Be6 14. Rdg1 Bd5
15. g5 Bxh1 16. gxf6 Qxf6 17. Rxh1 Ne6 18. Rg1 Nf4 19. Bxf4 Bxf4+ 20. Kb1 Bh6
21. f4 Re3 22. Rf1 Rae8 23. a4 Qe7 24. Rf2 Rxh3 25. Bc4 Qe4 26. Qxe4 Rxe4 27.
Kc2 Kf8 28. Ng1 Rh1 29. Ne2 g6 30. Kd3 f5 31. b4 Ke7 32. b5 Kf6 33. a5 cxb5 34.
Bxb5 Ra1 35. a6 bxa6 36. Bc6 Re7 37. d5 Bf8 38. Nd4 Ree1 39. Ne6 Bd6 40. Rb2
Rad1+ 41. Kc4 Re4+ 42. Nd4 Rxf4 43. Rb7 h3 44. Rh7 h2 45. Rd7 h1=Q 46. Rxd6+
Kg5 47. Rd7 Rfxd4+ 48. cxd4 Rc1+ 49. Kd3 0-1

[Event "CAN-ch Seniors 50+"]
[Site "Etobicoke CAN"]
[Date "2023.08.06"]
[Round "4.12"]
[White "Bordas, Gyula"]
[Black "Momic, Jovan"]
[Result "1/2-1/2"]
[WhiteElo "1954"]
[BlackElo "1684"]
[PlyCount "102"]
[EventDate "2023.08.04"]
[EventType "swiss"]
[EventRounds "7"]
[EventCountry "CAN"]

1. e4 d6 2. c4 Nf6 3. Nc3 c5 4. Nge2 g6 5. d4 cxd4 6. Nxd4 Nc6 7. Nc2 Bg7 8.
Be2 O-O 9. Be3 b6 10. f3 Nd7 11. Qd2 Ba6 12. Rd1 Rc8 13. Na3 Nce5 14. b3 b5 15.
Ncxb5 Bxb5 16. Nxb5 a6 17. Nd4 Nc5 18. O-O a5 19. Rc1 Qb6 20. Nb5 Rb8 21. Kh1
Rfc8 22. Rfd1 h5 23. Bd4 Qd8 24. Bxe5 Bxe5 25. f4 Bg7 26. Qe3 Qd7 27. e5 Qe6
28. Nd4 Qd7 29. exd6 exd6 30. Bf3 Re8 31. Qd2 Ne4 32. Bxe4 Rxe4 33. Nb5 Qg4 34.
Qxd6 Rbe8 35. Nc7 Re2 36. Rg1 R8e4 37. Nd5 Bd4 38. Nf6+ Bxf6 39. Qxf6 Rxf4 40.
Qd8+ Kg7 41. Qxa5 Rff2 42. Qc3+ Kh7 43. Qg3 Qe4 44. Rcf1 Rxf1 45. Rxf1 h4 46.
Qf3 Re1 47. Qxf7+ Kh6 48. Qf8+ Kh5 49. Kg1 Re3 50. Qf4 Qe6 51. Qf6 Qe4 1/2-1/2

[Event "CAN-ch Seniors 50+"]
[Site "Etobicoke CAN"]
[Date "2023.08.06"]
[Round "4.13"]
[White "Uyanik, Mehmet"]
[Black "Chernik, Dmitry"]
[Result "0-1"]
[WhiteElo "1142"]
[BlackElo "2011"]
[Annotator ",hugh_brodie@hotmail."]
[PlyCount "80"]
[EventDate "2023.08.04"]
[EventType "swiss"]
[EventRounds "7"]
[EventCountry "CAN"]

1. e4 c5 2. Nf3 Nc6 3. d4 cxd4 4. Nxd4 d6 5. c4 Nf6 6. Nc3 g6 7. Be3 Ng4 8. Bg5
Qb6 9. Be3 Nxe3 10. fxe3 Be6 11. Qd2 Bh6 12. Nd5 Bxd5 13. cxd5 Bxe3 14. Qxe3
Qxd4 15. Qxd4 Nxd4 16. Rc1 Kd7 17. Bd3 Rac8 18. Kd2 Rxc1 19. Rxc1 Rc8 20. Rf1
Ke8 21. Ke3 e5 22. dxe6 Nxe6 23. Bb5+ Ke7 24. Rf2 f6 25. Ba4 Nf8 26. Bb3 Nd7
27. Bd5 b6 28. b4 Ne5 29. h3 Rc3+ 30. Kd2 Rc7 31. a4 a5 32. b5 Nd7 33. Rf3 Nc5
34. Rc3 Kd7 35. Rc4 Nb3+ 36. Kc3 Rxc4+ 37. Kxc4 Nc5 38. Kd4 Nxa4 39. Bc6+ Ke7
40. Kd5 Nc5 {Black won in 58 moves.} 0-1

[Event "CAN-ch Seniors 50+"]
[Site "Etobicoke CAN"]
[Date "2023.08.06"]
[Round "5.7"]
[White "Haessel, Dale"]
[Black "Filipovich, David"]
[Result "1/2-1/2"]
[WhiteElo "2203"]
[BlackElo "2139"]
[PlyCount "43"]
[EventDate "2023.08.04"]
[EventType "swiss"]
[EventRounds "7"]
[EventCountry "CAN"]

1. d4 g6 2. c4 Bg7 3. e4 Nc6 4. Nf3 e5 5. Be3 exd4 6. Nxd4 Nge7 7. Nc3 d6 8.
Be2 O-O 9. O-O f5 10. exf5 Bxd4 11. Bxd4 Nxf5 12. Be3 Nxe3 13. fxe3 Be6 14. Nd5
Rxf1+ 15. Qxf1 Ne5 16. Qf4 Bxd5 17. cxd5 Qe7 18. Qd4 c5 19. dxc6 bxc6 20. Rd1
Rd8 21. b4 Qf7 22. Qd2 1/2-1/2